Catalog

Record Details

Catalog Search



Conversations With Major Dick Winters : Life Lessons from the Commander of the Band of Brothers  Cover Image Book Book

Conversations With Major Dick Winters : Life Lessons from the Commander of the Band of Brothers / Colonel Cole C. Kingseed.

Summary:

"Winters was a quiet, reluctant hero whose modesty and strength drew the admiration of not only his men, but millions worldwide. Now comes the story of his last years as witnessed and experienced by his good friend Cole C. Kingseed. Kingseed shares the formative experiences that made Winters such an effective leader. He addresses Winters's experiences and leadership during the war, his intense, unbreakable devotion to his men, his search for peace both without and within after the war, and how famed forced him to make adjustments to an international audience of well-wishers and admirers, even as he attempted to leave a lasting legacy before joining his fallen comrades. Following Winters's death on January 2, 2011, the outpouring of grief and adulation for one of this nation's preeminent leaders of character, courage, and competence showed just how much of an impact Dick Winters left on the world." -- Back cover.

Record details

  • ISBN: 9780425271544
  • ISBN: 0425271544
  • Physical Description: xvii, 281 pages : illustrations ; 23 cm
  • Edition: Berkley Caliber trade paperback edition.
  • Publisher: New York : Berkley Caliber, 2015.

Content descriptions

Bibliography, etc. Note:
Includes bibliographical references (pages 265-268).
Formatted Contents Note:
Part One: Spring -- Incidents at war -- More war stories -- Band of Brothers -- Part Two: Summer -- Leadership -- Friendship -- Character -- Courage -- Major Winters at ease -- Part Three: Autumn -- Mrs. Winters -- Seeking solace -- growing old -- Legacy -- Part Four: Winter -- Saying good-bye -- Fallen eagle -- Requiem.
Subject: Winters, Richard D.
United States. Army. Parachute Infantry Regiment, 506th. Company E.
World War, 1939-1945 > Veterans > United States > Biography.
Veterans > United States > Biography.
Soldiers > United States > Biography.
United States.
Genre: History
Nonfiction
Biographies.

Available copies

  • 1 of 1 copy available at scottsboropl.

Holds

  • 0 current holds with 1 total copy.
Show Only Available Copies
Location Call Number / Copy Notes Barcode Shelving Location Status Due Date
scottsboropl 940.5 Kin 32269001269789 Adult - Nonfiction Available -

LDR 03822cam a2200661 i 4500
001165143
003SBPL
00520250106164707.0
008151217r20152014nyua b 000 0 eng
010 . ‡a 2015487956
020 . ‡a9780425271544 ‡q(pbk.)
020 . ‡a0425271544 ‡q(pbk.)
035 . ‡a(OCoLC)907112077
05000. ‡aD769.348 506th ‡b.K57 2015
08200. ‡a940.540092 ‡aB ‡223
1001 . ‡aKingseed, Cole C. ‡q(Cole Christian), ‡d1949-: ‡eauthor.
24510. ‡aConversations With Major Dick Winters : ‡bLife Lessons from the Commander of the Band of Brothers / ‡cColonel Cole C. Kingseed.
250 . ‡aBerkley Caliber trade paperback edition.
264 1. ‡aNew York : ‡bBerkley Caliber, ‡c2015.
300 . ‡axvii, 281 pages : ‡billustrations ; ‡c23 cm
336 . ‡atext ‡btxt ‡2rdacontent
337 . ‡aunmediated ‡bn ‡2rdamedia
338 . ‡avolume ‡bnc ‡2rdacarrier
504 . ‡aIncludes bibliographical references (pages 265-268).
5050 . ‡aPart One: Spring -- Incidents at war -- More war stories -- Band of Brothers -- Part Two: Summer -- Leadership -- Friendship -- Character -- Courage -- Major Winters at ease -- Part Three: Autumn -- Mrs. Winters -- Seeking solace -- growing old -- Legacy -- Part Four: Winter -- Saying good-bye -- Fallen eagle -- Requiem.
520 . ‡a"Winters was a quiet, reluctant hero whose modesty and strength drew the admiration of not only his men, but millions worldwide. Now comes the story of his last years as witnessed and experienced by his good friend Cole C. Kingseed. Kingseed shares the formative experiences that made Winters such an effective leader. He addresses Winters's experiences and leadership during the war, his intense, unbreakable devotion to his men, his search for peace both without and within after the war, and how famed forced him to make adjustments to an international audience of well-wishers and admirers, even as he attempted to leave a lasting legacy before joining his fallen comrades. Following Winters's death on January 2, 2011, the outpouring of grief and adulation for one of this nation's preeminent leaders of character, courage, and competence showed just how much of an impact Dick Winters left on the world." -- Back cover.
60010. ‡aWinters, Richard D.
61010. ‡aUnited States. ‡bArmy. ‡bParachute Infantry Regiment, 506th. ‡bCompany E.
650 0. ‡aWorld War, 1939-1945 ‡xVeterans ‡zUnited States ‡vBiography.
650 0. ‡aVeterans ‡zUnited States ‡vBiography.
650 0. ‡aSoldiers ‡zUnited States ‡vBiography.
651 0. ‡aUnited States.
655 7. ‡aHistory
655 7. ‡aNonfiction
655 7. ‡aBiographies. ‡2lcgft
901 . ‡a165143 ‡bAUTOGEN ‡c165143 ‡tbiblio

Additional Resources